000 00967nam a2200205 a 4500
001 000028506
005 20250924073802.0
008 110408s1984 dr 000 0 spa d
040 _aDO-SdBNP
_bspa
_cBNPHU
082 _axxx
_bC748d
111 1 _aConferencia dictada por el señor rector de la Universidad Autónoma de Santo Domingo
_d(1984 dic. 18 :
_cSanto Domingo)
_955477
245 1 0 _aConferencia dictada por el señor rector de la Universidad Autónoma de Santo Domingo, doctor Fernando Sánchez Martínez, en la ciudad de la Vega a profesionales, amigos egresados de la UASD.
260 _aLa Vega, República Dominicana :
_bUniversidad Autónoma de Santo Domingo,
_c1984.
300 _a19 p. ;
_c22 cm.
490 1 _aPublicaciones de la Universidad Autónoma de Santo Domingo
_vv. 358
490 1 _aDiscursos
_vno. 8
830 _aPublicaciones de la Universidad Autónoma de Santo Domingo
_vv. 358
_952
830 0 _aDiscursos
_nno. 8
_955478
049 _aBNPD
999 _c27998
_d27998